<?xml version="1.0" encoding="UTF-8"?>
<record
    xmlns:xsi="http://www.w3.org/2001/XMLSchema-instance"
    xsi:schemaLocation="http://www.loc.gov/MARC21/slim http://www.loc.gov/standards/marcxml/schema/MARC21slim.xsd"
    xmlns="http://www.loc.gov/MARC21/slim">

  <leader>00360nam a22001577a 4500</leader>
  <controlfield tag="003">SGT</controlfield>
  <datafield tag="020" ind1=" " ind2=" ">
    <subfield code="a">81-7224-229-8</subfield>
  </datafield>
  <datafield tag="082" ind1=" " ind2=" ">
    <subfield code="a">615.535</subfield>
    <subfield code="b">N21B</subfield>
  </datafield>
  <datafield tag="100" ind1=" " ind2=" ">
    <subfield code="a">BAKHRU, H.K</subfield>
  </datafield>
  <datafield tag="245" ind1=" " ind2=" ">
    <subfield code="a">THE COMPLETE HAND BOOK OF NATURE CURE</subfield>
  </datafield>
  <datafield tag="260" ind1=" " ind2=" ">
    <subfield code="a">AHMEDABAD</subfield>
    <subfield code="b">JAICO PUB</subfield>
    <subfield code="c">2021</subfield>
  </datafield>
  <datafield tag="300" ind1=" " ind2=" ">
    <subfield code="a">797</subfield>
  </datafield>
  <datafield tag="650" ind1=" " ind2=" ">
    <subfield code="a">NATUROPATHY</subfield>
  </datafield>
  <datafield tag="653" ind1=" " ind2=" ">
    <subfield code="a">NATURE CURE</subfield>
  </datafield>
  <datafield tag="942" ind1=" " ind2=" ">
    <subfield code="2">ddc</subfield>
    <subfield code="c">BK</subfield>
    <subfield code="0">37</subfield>
  </datafield>
  <datafield tag="952" ind1=" " ind2=" ">
    <subfield code="0">0</subfield>
    <subfield code="1">0</subfield>
    <subfield code="2">ddc</subfield>
    <subfield code="4">0</subfield>
    <subfield code="7">0</subfield>
    <subfield code="8">FA</subfield>
    <subfield code="a">APL</subfield>
    <subfield code="b">APL</subfield>
    <subfield code="c">TXT</subfield>
    <subfield code="d">2022-02-26</subfield>
    <subfield code="e">SAVERA BOOK DISTRIBUTERS</subfield>
    <subfield code="g">399.00</subfield>
    <subfield code="i">SGTU</subfield>
    <subfield code="l">17</subfield>
    <subfield code="o">615.535 N21B</subfield>
    <subfield code="p">FA10925</subfield>
    <subfield code="r">2026-02-04 00:00:00</subfield>
    <subfield code="s">2026-01-21</subfield>
    <subfield code="w">2022-01-13</subfield>
    <subfield code="y">BK</subfield>
    <subfield code="k">21-22/CRB/437</subfield>
  </datafield>
  <datafield tag="952" ind1=" " ind2=" ">
    <subfield code="0">0</subfield>
    <subfield code="1">0</subfield>
    <subfield code="2">ddc</subfield>
    <subfield code="4">0</subfield>
    <subfield code="7">0</subfield>
    <subfield code="8">FA</subfield>
    <subfield code="a">APL</subfield>
    <subfield code="b">APL</subfield>
    <subfield code="c">TXT</subfield>
    <subfield code="d">2022-02-26</subfield>
    <subfield code="e">SAVERA BOOK DISTRIBUTERS</subfield>
    <subfield code="g">399.00</subfield>
    <subfield code="i">SGTU</subfield>
    <subfield code="l">11</subfield>
    <subfield code="o">615.535 N21B</subfield>
    <subfield code="p">FA10926</subfield>
    <subfield code="r">2025-12-11 00:00:00</subfield>
    <subfield code="s">2025-12-03</subfield>
    <subfield code="w">2022-01-13</subfield>
    <subfield code="y">BK</subfield>
    <subfield code="k">21-22/CRB/437</subfield>
  </datafield>
  <datafield tag="952" ind1=" " ind2=" ">
    <subfield code="0">0</subfield>
    <subfield code="1">0</subfield>
    <subfield code="2">ddc</subfield>
    <subfield code="4">0</subfield>
    <subfield code="7">0</subfield>
    <subfield code="8">FA</subfield>
    <subfield code="a">APL</subfield>
    <subfield code="b">APL</subfield>
    <subfield code="c">TXT</subfield>
    <subfield code="d">2022-02-26</subfield>
    <subfield code="e">SAVERA BOOK DISTRIBUTERS</subfield>
    <subfield code="g">399.00</subfield>
    <subfield code="i">SGTU</subfield>
    <subfield code="l">12</subfield>
    <subfield code="o">615.535 N21B</subfield>
    <subfield code="p">FA10927</subfield>
    <subfield code="r">2025-12-10 00:00:00</subfield>
    <subfield code="s">2025-12-10</subfield>
    <subfield code="w">2022-01-13</subfield>
    <subfield code="y">BK</subfield>
    <subfield code="k">21-22/CRB/437</subfield>
  </datafield>
  <datafield tag="952" ind1=" " ind2=" ">
    <subfield code="0">0</subfield>
    <subfield code="1">0</subfield>
    <subfield code="2">ddc</subfield>
    <subfield code="4">0</subfield>
    <subfield code="5">1</subfield>
    <subfield code="7">0</subfield>
    <subfield code="8">FA</subfield>
    <subfield code="a">APL</subfield>
    <subfield code="b">APL</subfield>
    <subfield code="c">REF</subfield>
    <subfield code="d">2022-02-26</subfield>
    <subfield code="e">SAVERA BOOK DISTRIBUTERS</subfield>
    <subfield code="g">399.00</subfield>
    <subfield code="i">SGTU</subfield>
    <subfield code="l">2</subfield>
    <subfield code="o">615.535 N21B</subfield>
    <subfield code="p">FA10928</subfield>
    <subfield code="r">2022-07-27 00:00:00</subfield>
    <subfield code="s">2022-07-27</subfield>
    <subfield code="w">2022-01-13</subfield>
    <subfield code="y">BK</subfield>
    <subfield code="k">21-22/CRB/437</subfield>
  </datafield>
  <datafield tag="952" ind1=" " ind2=" ">
    <subfield code="0">0</subfield>
    <subfield code="1">0</subfield>
    <subfield code="2">ddc</subfield>
    <subfield code="4">0</subfield>
    <subfield code="7">0</subfield>
    <subfield code="8">FA</subfield>
    <subfield code="a">APL</subfield>
    <subfield code="b">APL</subfield>
    <subfield code="c">TXT</subfield>
    <subfield code="d">2022-02-26</subfield>
    <subfield code="e">SAVERA BOOK DISTRIBUTERS</subfield>
    <subfield code="g">399.00</subfield>
    <subfield code="i">SGTU</subfield>
    <subfield code="l">8</subfield>
    <subfield code="o">615.535 N21B</subfield>
    <subfield code="p">FA10929</subfield>
    <subfield code="r">2025-09-18 00:00:00</subfield>
    <subfield code="s">2025-08-22</subfield>
    <subfield code="w">2022-01-13</subfield>
    <subfield code="y">BK</subfield>
    <subfield code="k">21-22/CRB/437</subfield>
  </datafield>
  <datafield tag="999" ind1=" " ind2=" ">
    <subfield code="c">22287</subfield>
    <subfield code="d">22287</subfield>
  </datafield>
</record>
